Servicio de Agencia establecido en el Instituto de Crédito de las Cajas Generales de Ahorro / (Record no. 38024)

MARC details
000 -LEADER
campo de control de longitud fija 00489nam a2200145 i 4500
001 - NÚMERO DE CONTROL
campo de control 38024
003 - IDENTIFICADOR DE NÚMERO DE CONTROL
campo de control ES-MaACL
005 - FECHA Y HORA DE LA ÚLTIMA TRANSACCIÓN
campo de control 20230906155701.0
007 - CAMPO FIJO DE DESCRIPCIÓN FÍSICA--INFORMACIÓN GENERAL
campo de control de longitud fija t|
008 - DATOS DE LONGITUD FIJA--INFORMACIÓN GENERAL
campo de control de longitud fija 030224s1933 sp ||||1| spa d
245 00 - MENCIÓN DEL TÍTULO
Título Servicio de Agencia establecido en el Instituto de Crédito de las Cajas Generales de Ahorro /
Mención de responsabilidad, etc. Caja de Pensiones para la Vejez y de Ahorros.
260 ## - PUBLICACIÓN, DISTRIBUCIÓN, ETC.
Lugar de publicación, distribución, etc. [S.l. :
Nombre del editor, distribuidor, etc. s.n.,
Fecha de publicación, distribución, etc. 1933] (
Lugar de fabricación/manufactura Madrid :
Fabricante Salvador Cuesta)
300 ## - DESCRIPCIÓN FÍSICA
Extensión 13 p. ;
Dimensiones 20 cm.
852 ## - LOCALIZACIÓN
Ubicación ES-MaACL
Número de control de estantería 1793-F-3
Holdings
Estatus retirado Estado de pérdida Estado de daño No para préstamo Colección Biblioteca de origen Biblioteca actual Ubicación en estantería Fecha de adquisición Fuente de adquisición Total de préstamos Signatura topográfica completa Código de barras Visto por última vez Precio de reemplazo Tipo de ítem Koha
        Colección de folletos Biblioteca del Ateneo de Madrid Biblioteca del Ateneo de Madrid Depósito folletos 17/01/2008     1793-F-3 1040034 23/02/2023 23/02/2023 Folleto